000 00367nam a22001577a 4500
003 OSt
008 200703b ||||| |||| 00| 0 eng d
020 _a9788186270646
082 _a615.1 SUT
100 _aSuresh, B
245 _aTextbook of Pharmacology
260 _aNew Delhi
_bBirla Publisher
_c2020
300 _a264
650 _aPharmacology
942 _2ddc
_cBK
999 _c8692
_d8692